[Event "Foxwoods op 16th"]
[Site "Ledyard"]
[Date "2024.03.30"]
[Round "6"]
[White "Rogers, Norman"]
[Black "Barash, Anton"]
[Result "0-1"]
[WhiteElo "2013"]
[BlackElo "2089"]
[PlyCount "67"]
[EventDate "2024.03.27"]
[EventType "swiss"]
[EventRounds "9"]
[EventCountry "USA"]
[SourceTitle "CB14_2024"]
[SourceDate "2024.04.01"]
[SourceVersion "1"]
[SourceVersionDate "2024.04.01"]
[SourceQuality "1"]

1. e4 e6 2. d4 d5 3. Nc3 Nf6 4. e5 Nfd7 5. f4 c5 6. Nf3 Nc6 7. Be3 cxd4 8. Nxd4 Qb6 9. Qd2 Qxb2 10. Rb1 Qa3 11. Be2 a6 12. 0-0 Nxd4 13. Bxd4 Bc5 14. Kh1 Bxd4 15. Qxd4 Qc5 16. Qd2 g6 17. Bd3 Qa5 18. Qe1 b5 19. a4 bxa4 20. Ra1 Nc5 21. Nxd5 Qxe1 22. Nf6+ Ke7 23. Rfxe1 Bb7 24. Be4 Rab8 25. Bxb7 Rxb7 26. Ne4 Nxe4 27. Rxe4 Rc8 28. Rexa4 Rxc2 29. Rxa6 Rbb2 30. Ra7+ Kf8 31. Rg1 Rb4 32. Rf1 Rxf4 33. Kg1 Rxf1+ 34. Kxf1 0-1

[Event "Titled Tuesday intern op 12th Mar Early"]
[Site "Chess.com INT"]
[Date "2024.03.12"]
[Round "4"]
[White "Wu, Derek"]
[Black "Barash, Anton"]
[Result "1-0"]
[WhiteElo "2295"]
[BlackElo "2089"]
[PlyCount "59"]
[EventDate "2024.03.12"]
[EventType "swiss (blitz)"]
[EventRounds "11"]
[EventCountry "USA"]
[SourceTitle "CB12_2024"]
[SourceDate "2023.10.01"]
[SourceVersion "1"]
[SourceVersionDate "2023.10.01"]
[SourceQuality "1"]

1. e4 e6 2. d4 d5 3. exd5 exd5 4. Nf3 Nf6 5. Bd3 Bd6 6. Qe2+ Be6 7. c4 Bb4+ 8. Nc3 0-0 9. 0-0 dxc4 10. Bxc4 Bxc4 11. Qxc4 Ba5 12. Bg5 Qd6 13. Rfe1 c6 14. Ne5 Nbd7 15. Nxd7 Nxd7 16. Be7 Qf4 17. Bxf8 Rxf8 18. Re7 Nf6 19. h3 Bb6 20. Rd1 Nh5 21. Rxb7 Qg5 22. Ne4 Qf4 23. Nc5 Qg5 24. Rd3 Nf4 25. Rg3 Qf6 26. Nd7 Qxd4 27. Qxd4 Bxd4 28. Nxf8 Ne2+ 29. Kh2 Bxf2 30. Rf3 1-0

[Event "Foxwoods op 15th"]
[Site "Ledyard"]
[Date "2023.04.07"]
[Round "4"]
[White "Aadit, Bhatia"]
[Black "Barash, Anton"]
[Result "1-0"]
[WhiteElo "1926"]
[BlackElo "2074"]
[PlyCount "65"]
[EventDate "2023.04.05"]
[EventType "swiss"]
[EventRounds "9"]
[EventCountry "USA"]
[SourceTitle "CBM 213 Extra"]
[Source "ChessBase"]
[SourceDate "2023.05.31"]
[SourceVersion "1"]
[SourceVersionDate "2023.05.31"]
[SourceQuality "1"]

1. d4 Nf6 2. c4 g6 3. Nc3 Bg7 4. e4 d6 5. h3 0-0 6. Be3 c5 7. Nf3 a6 8. dxc5 Qa5 9. Qa4 Qc7 10. cxd6 exd6 11. Be2 Bd7 12. Qd1 Re8 13. 0-0 Bc6 14. Nd2 Nxe4 15. Ndxe4 Bxe4 16. Rc1 Nc6 17. Qd2 Qa5 18. Rfd1 Rac8 19. b3 Qa3 20. Qxd6 Qa5 21. Nxe4 Rxe4 22. Qd2 Qa3 23. Bf3 Ree8 24. Bxc6 bxc6 25. Rc2 Be5 26. c5 a5 27. Rc4 Rcd8 28. Qxd8 Rxd8 29. Rxd8+ Kg7 30. Rd2 Bc7 31. Bd4+ Kg8 32. Re2 f5 33. Be3 1-0

[Event "Titled Tuesday intern op 14th Mar Late"]
[Site "Chess.com INT"]
[Date "2023.03.14"]
[Round "8"]
[White "Barash, Anton"]
[Black "Djordjevic, Dejan N"]
[Result "0-1"]
[WhiteElo "2074"]
[BlackElo "2203"]
[PlyCount "62"]
[EventDate "2023.03.14"]
[EventType "swiss (blitz)"]
[EventRounds "11"]
[EventCountry "USA"]
[SourceTitle "EXT 2024"]
[Source "ChessBase"]
[SourceDate "2023.10.10"]
[SourceVersion "1"]
[SourceVersionDate "2023.10.10"]
[SourceQuality "1"]

1. e4 c5 2. Nf3 Nc6 3. d4 cxd4 4. Nxd4 Nf6 5. Nc3 Qb6 6. Nb3 e6 7. Be2 a6 8. 0-0 Be7 9. a4 Qc7 10. a5 b5 11. axb6 Qxb6 12. Be3 Qb8 13. Ra4 0-0 14. Qd2 d6 15. Rfa1 a5 16. f3 Bd8 17. Bb5 Bb7 18. Nd4 Nxd4 19. Bxd4 Ne8 20. Ne2 Ba6 21. Bxa6 Rxa6 22. b3 Rc6 23. Bc3 Qc8 24. Kh1 Bb6 25. R1a2 Rxc3 26. Nxc3 Qc5 27. Ne2 Nf6 28. h3 Qf2 29. Kh2 Bc7 30. c4 d5+ 31. f4 dxe4 0-1

[Event "Titled Tuesday intern op 14th Mar Late"]
[Site "Chess.com INT"]
[Date "2023.03.14"]
[Round "9"]
[White "Torres Dominguez, David"]
[Black "Barash, Anton"]
[Result "0-1"]
[WhiteElo "1998"]
[BlackElo "2074"]
[PlyCount "64"]
[EventDate "2023.03.14"]
[EventType "swiss (blitz)"]
[EventRounds "11"]
[EventCountry "USA"]
[SourceTitle "EXT 2024"]
[Source "ChessBase"]
[SourceDate "2023.10.10"]
[SourceVersion "1"]
[SourceVersionDate "2023.10.10"]
[SourceQuality "1"]

1. e4 e6 2. d4 d5 3. exd5 exd5 4. Bd3 Bd6 5. Qf3 Nf6 6. h3 0-0 7. Ne2 Re8 8. Nbc3 c6 9. Bf4 Bxf4 10. Qxf4 Qb6 11. 0-0-0 Nbd7 12. g4 Nf8 13. g5 Ne4 14. Nxe4 dxe4 15. Bxe4 Ne6 16. Qg3 Qa5 17. Kb1 Qxg5 18. Qd3 Qh6 19. Rhg1 g6 20. Ng3 Nf4 21. Qa3 Be6 22. Bf5 Nxh3 23. Bxh3 Qxh3 24. Rh1 Qg2 25. Rdg1 Qxf2 26. Ne4 Qxd4 27. Ng5 Bd5 28. Qh3 Bxh1 29. Qxh1 h5 30. Nf3 Qe4 31. Qxh5 Rad8 32. Qh3 Qe1+ 0-1

[Event "Titled Tuesday intern op 7th Mar Late"]
[Site "Chess.com INT"]
[Date "2023.03.07"]
[Round "5"]
[White "Barash, Anton"]
[Black "Mendez Fortes, Eduardo Jesus"]
[Result "0-1"]
[WhiteElo "2074"]
[BlackElo "2250"]
[PlyCount "82"]
[EventDate "2023.03.07"]
[EventType "swiss (blitz)"]
[EventRounds "11"]
[EventCountry "USA"]
[SourceTitle "EXT 2024"]
[Source "ChessBase"]
[SourceDate "2023.10.10"]
[SourceVersion "1"]
[SourceVersionDate "2023.10.10"]
[SourceQuality "1"]

1. e4 c5 2. Nf3 d6 3. d4 cxd4 4. Nxd4 Nf6 5. Nc3 a6 6. Bg5 Nbd7 7. f4 Qc7 8. Qe2 h6 9. Bh4 e5 10. fxe5 dxe5 11. Nf5 Nc5 12. Bxf6 gxf6 13. Ne3 Be6 14. Ned5 Bxd5 15. Nxd5 Qa5+ 16. b4 Qa4 17. bxc5 Bxc5 18. Qc4 Qc6 19. Nxf6+ Kf8 20. Qxc5+ Qxc5 21. Nd7+ Ke7 22. Nxc5 Rac8 23. Nxb7 Rxc2 24. Bxa6 Rxg2 25. 0-0-0 Rc8+ 26. Kb1 Rcc2 27. Bd3 Rb2+ 28. Kc1 Rxb7 29. Rd2 Rg6 30. a4 Rc6+ 31. Kd1 Rb4 32. Ra2 Rd6 33. Ke2 Rbd4 34. Rd1 Rg6 35. Ke3 f5 36. exf5 Rgg4 37. a5 Rh4 38. a6 Rh3+ 39. Kd2 Rxh2+ 40. Kc3 Rxa2 41. Rh1 Ra3+ 0-1

[Event "Titled Tuesday intern op 7th Mar Late"]
[Site "Chess.com INT"]
[Date "2023.03.07"]
[Round "1"]
[White "Fishbein, Alexander"]
[Black "Barash, Anton"]
[Result "1-0"]
[WhiteElo "2373"]
[BlackElo "2074"]
[PlyCount "47"]
[EventDate "2023.03.07"]
[EventType "swiss (blitz)"]
[EventRounds "11"]
[EventCountry "USA"]
[SourceTitle "EXT 2024"]
[Source "ChessBase"]
[SourceDate "2023.10.10"]
[SourceVersion "1"]
[SourceVersionDate "2023.10.10"]
[SourceQuality "1"]

1. e4 e6 2. d4 d5 3. exd5 exd5 4. Nf3 Bd6 5. c4 Nf6 6. c5 Be7 7. Bd3 0-0 8. 0-0 b6 9. Be3 Bb7 10. Nc3 Nbd7 11. b4 a5 12. a3 Ne4 13. Qc2 Ndf6 14. Ne5 g6 15. Rfe1 Re8 16. f3 Nxc3 17. Qxc3 Bf8 18. Bg5 Bg7 19. Bb5 Rf8 20. Nd7 c6 21. Nxf8 cxb5 22. c6 Qc7 23. cxb7 Rxf8 24. Qxc7 1-0

[Event "Titled Tuesday intern op 07th Feb Late"]
[Site "Chess.com INT"]
[Date "2023.02.07"]
[Round "2"]
[White "Barash, Anton"]
[Black "Kaplan, Avi Harrison"]
[Result "0-1"]
[WhiteElo "2074"]
[BlackElo "2135"]
[PlyCount "58"]
[EventDate "2023.02.07"]
[EventType "swiss (blitz)"]
[EventRounds "11"]
[EventCountry "USA"]
[SourceTitle "EXT 2024"]
[Source "ChessBase"]
[SourceDate "2023.10.10"]
[SourceVersion "1"]
[SourceVersionDate "2023.10.10"]
[SourceQuality "1"]

1. e4 d6 2. d4 g6 3. Nc3 Bg7 4. f4 Nd7 5. Nf3 c5 6. Be3 a6 7. a4 Qc7 8. Bd3 Ngf6 9. h3 0-0 10. 0-0 Rb8 11. Kh1 c4 12. Be2 b5 13. axb5 axb5 14. Qe1 b4 15. e5 bxc3 16. exf6 Nxf6 17. Qxc3 Ne4 18. Qxc4 Ng3+ 19. Kg1 Qxc4 20. Bxc4 Nxf1 21. Kxf1 Rxb2 22. c3 Be6 23. Bd3 Rc8 24. Bd2 Bd5 25. Ke1 Bxf3 26. gxf3 e5 27. fxe5 dxe5 28. d5 e4 29. fxe4 Rxd2 0-1

[Event "Titled Tuesday intern op 07th Feb Late"]
[Site "Chess.com INT"]
[Date "2023.02.07"]
[Round "9"]
[White "Barash, Anton"]
[Black "Kovacs, Klara"]
[Result "1-0"]
[WhiteElo "2074"]
[BlackElo "2121"]
[PlyCount "39"]
[EventDate "2023.02.07"]
[EventType "swiss (blitz)"]
[EventRounds "11"]
[EventCountry "USA"]
[SourceTitle "EXT 2024"]
[Source "ChessBase"]
[SourceDate "2023.10.10"]
[SourceVersion "1"]
[SourceVersionDate "2023.10.10"]
[SourceQuality "1"]

1. e4 e6 2. d4 d5 3. Nc3 Nf6 4. Bg5 dxe4 5. Nxe4 Be7 6. Bxf6 Bxf6 7. Nxf6+ Qxf6 8. Nf3 0-0 9. Bd3 Nd7 10. 0-0 c5 11. Be4 cxd4 12. Qxd4 e5 13. Qd5 Re8 14. Rfe1 Nb6 15. Qb3 Bg4 16. a4 Rab8 17. a5 Nd7 18. Qb5 Rec8 19. h3 Bh5 20. Qxd7 1-0

[Event "Titled Tuesday intern op 07th Feb Late"]
[Site "Chess.com INT"]
[Date "2023.02.07"]
[Round "4"]
[White "Barash, Anton"]
[Black "Villarreal, Agustin"]
[Result "0-1"]
[WhiteElo "2074"]
[BlackElo "2292"]
[PlyCount "40"]
[EventDate "2023.02.07"]
[EventType "swiss (blitz)"]
[EventRounds "11"]
[EventCountry "USA"]
[SourceTitle "EXT 2024"]
[Source "ChessBase"]
[SourceDate "2023.10.10"]
[SourceVersion "1"]
[SourceVersionDate "2023.10.10"]
[SourceQuality "1"]

1. e4 e5 2. Nc3 Nc6 3. f4 Bc5 4. fxe5 d6 5. exd6 Qxd6 6. Nf3 Nf6 7. Bb5 Bg4 8. d3 0-0-0 9. Bg5 h6 10. Bxf6 Qxf6 11. Qd2 Bxf3 12. gxf3 Nd4 13. 0-0-0 Ba3 14. bxa3 Nxb5 15. Kb2 Rd6 16. d4 Rxd4 17. Qe3 Rhd8 18. Rxd4 Rxd4 19. Kb1 Nxc3+ 20. Qxc3 Rd1+ 0-1

[Event "Titled Tuesday intern op 29th Nov Early"]
[Site "Chess.com INT"]
[Date "2022.11.29"]
[Round "10"]
[White "Barash, Anton"]
[Black "Forgacs, Attila Jr"]
[Result "1/2-1/2"]
[WhiteElo "2106"]
[BlackElo "2286"]
[PlyCount "96"]
[EventDate "2022.11.29"]
[EventType "swiss (blitz)"]
[EventRounds "11"]
[EventCountry "USA"]
[SourceTitle "EXT 2024"]
[Source "ChessBase"]
[SourceDate "2023.10.10"]
[SourceVersion "1"]
[SourceVersionDate "2023.10.10"]
[SourceQuality "1"]

1. e4 e5 2. Nc3 Nf6 3. f4 d5 4. fxe5 Nxe4 5. Qf3 Nc6 6. Bb5 Nxc3 7. dxc3 Qh4+ 8. g3 Qe4+ 9. Qxe4 dxe4 10. Be3 Be6 11. 0-0-0 g6 12. Ne2 Bg7 13. Bf4 0-0 14. Bxc6 bxc6 15. Nd4 Bd5 16. b3 c5 17. Nb5 Rad8 18. Nxc7 Bc6 19. e6 fxe6 20. Nxe6 Rxd1+ 21. Rxd1 Re8 22. Nxg7 Kxg7 23. Be3 c4 24. Bxa7 Ra8 25. Bd4+ Kf7 26. a4 Rb8 27. Rf1+ Ke7 28. Rf6 Bd7 29. a5 cxb3 30. cxb3 Rxb3 31. a6 Ra3 32. Rf4 Rxa6 33. Rxe4+ Be6 34. Re2 Ra1+ 35. Kd2 Kd6 36. Ke3 Bf5 37. Kf4 h6 38. g4 Rf1+ 39. Rf2 Rxf2+ 40. Bxf2 Be6 41. Bd4 h5 42. gxh5 gxh5 43. Kg5 Bg4 44. h4 Kd5 45. Kh6 Kc4 46. Kg5 Kd5 47. Kf4 Kc4 48. Kg5 Kd5 1/2-1/2

[Event "Titled Tuesday intern op 08th Nov Late"]
[Site "Chess.com INT"]
[Date "2022.11.08"]
[Round "2"]
[White "Barash, Anton"]
[Black "Urbina Perez, Juan Antonio"]
[Result "1-0"]
[WhiteElo "2106"]
[BlackElo "2274"]
[PlyCount "115"]
[EventDate "2022.11.08"]
[EventType "swiss (blitz)"]
[EventRounds "11"]
[EventCountry "USA"]
[SourceTitle "EXT 2024"]
[Source "ChessBase"]
[SourceDate "2023.10.10"]
[SourceVersion "1"]
[SourceVersionDate "2023.10.10"]
[SourceQuality "1"]

1. e4 c5 2. Nf3 d6 3. d4 cxd4 4. Nxd4 Nf6 5. Nc3 Nc6 6. Bc4 Qb6 7. Nb3 e6 8. 0-0 a6 9. a4 Be7 10. Kh1 0-0 11. Be3 Qc7 12. f4 b6 13. Qf3 Bb7 14. Nd2 Rac8 15. Qg3 Na5 16. Ba2 d5 17. e5 Ne4 18. Ncxe4 dxe4 19. c3 Bc5 20. Bxc5 bxc5 21. f5 exf5 22. Rxf5 Qd7 23. Raf1 Qxd2 24. Rxf7 Rxf7 25. Rxf7 Qh6 26. Rf6+ Kh8 27. Rxh6 gxh6 28. Be6 Rf8 29. h3 Nc6 30. Qe3 Nxe5 31. Qxh6 Ng6 32. Kh2 Bc8 33. Bd5 Re8 34. Qe3 Bf5 35. Bc6 Re5 36. g4 Be6 37. Bb7 Kg7 38. Bxa6 Bd5 39. Bc8 Re8 40. Bf5 Bc6 41. Kg3 Ne7 42. h4 Nxf5+ 43. gxf5 h6 44. Kf4 Kf6 45. Qg3 Rf8 46. Qg6+ Ke7 47. Qe6+ Kd8 48. Qxc6 Re8 49. Qxe8+ Kxe8 50. Kxe4 Kd7 51. Ke5 Ke7 52. f6+ Kf7 53. a5 Kf8 54. a6 h5 55. a7 Kf7 56. a8Q c4 57. Qb7+ Kg6 58. Qg7# 1-0

[Event "Titled Tuesday intern op 08th Nov Early"]
[Site "Chess.com INT"]
[Date "2022.11.08"]
[Round "8"]
[White "Prydun, Andriy"]
[Black "Barash, Anton"]
[Result "1-0"]
[WhiteElo "2134"]
[BlackElo "2106"]
[PlyCount "71"]
[EventDate "2022.11.08"]
[EventType "swiss (blitz)"]
[EventRounds "11"]
[EventCountry "USA"]
[SourceTitle "EXT 2024"]
[Source "ChessBase"]
[SourceDate "2023.10.10"]
[SourceVersion "1"]
[SourceVersionDate "2023.10.10"]
[SourceQuality "1"]

1. e4 e6 2. d3 d5 3. Nd2 c5 4. Ngf3 Nc6 5. g3 Nf6 6. Bg2 Be7 7. 0-0 0-0 8. Re1 b5 9. e5 Nd7 10. Nf1 a5 11. h4 b4 12. a3 Bb7 13. N1h2 c4 14. d4 Qb6 15. a4 c3 16. b3 Ba6 17. Be3 Rfd8 18. h5 Nf8 19. Ng4 Rd7 20. Kh2 Bd8 21. Rh1 Qa7 22. Kg1 Bb6 23. Rh4 Bd8 24. Rh3 Bb6 25. h6 g6 26. Nf6+ Kh8 27. Rh4 Re7 28. Ng5 Nd7 29. Nfxh7 Ndxe5 30. dxe5 Bxe3 31. fxe3 Qxe3+ 32. Kh2 Nxe5 33. Qe1 Qxe1 34. Rxe1 Nd7 35. Rf4 f6 36. Nxf6 1-0

[Event "Titled Tuesday intern op 08th Nov Early"]
[Site "Chess.com INT"]
[Date "2022.11.08"]
[Round "1"]
[White "Thomforde Toates, Noah"]
[Black "Barash, Anton"]
[Result "1-0"]
[WhiteElo "2124"]
[BlackElo "2106"]
[PlyCount "53"]
[EventDate "2022.11.08"]
[EventType "swiss (blitz)"]
[EventRounds "11"]
[EventCountry "USA"]
[SourceTitle "EXT 2024"]
[Source "ChessBase"]
[SourceDate "2023.10.10"]
[SourceVersion "1"]
[SourceVersionDate "2023.10.10"]
[SourceQuality "1"]

1. d4 Nf6 2. Nc3 g6 3. Bf4 Bg7 4. e3 0-0 5. h4 d6 6. h5 gxh5 7. Be2 Bg4 8. Qd3 c5 9. f3 Be6 10. d5 Bd7 11. g4 b5 12. g5 c4 13. Qd2 Ne8 14. Rxh5 Qa5 15. a3 Na6 16. Nh3 Nc5 17. Nf2 b4 18. Ncd1 Rb8 19. Bxc4 Bf5 20. Nd3 Nc7 21. Nxc5 dxc5 22. Bd3 Bxd3 23. Qxd3 bxa3+ 24. Kf2 h6 25. gxh6 Bf6 26. Rxa3 Qb4 27. Bxc7 1-0

[Event "Titled Tuesday intern op 01st Nov Late"]
[Site "Chess.com INT"]
[Date "2022.11.01"]
[Round "1"]
[White "Barash, Anton"]
[Black "Pinheiro, Iung Alicio"]
[Result "0-1"]
[WhiteElo "2106"]
[BlackElo "2320"]
[PlyCount "82"]
[EventDate "2022.11.01"]
[EventType "swiss (blitz)"]
[EventRounds "11"]
[EventCountry "USA"]
[SourceTitle "EXT 2024"]
[Source "ChessBase"]
[SourceDate "2023.10.10"]
[SourceVersion "1"]
[SourceVersionDate "2023.10.10"]
[SourceQuality "1"]

1. e4 c5 2. Nf3 Nc6 3. d4 cxd4 4. Nxd4 e5 5. Nb5 d6 6. N1c3 a6 7. Na3 b5 8. Nd5 Nge7 9. c4 Nxd5 10. exd5 Nd4 11. Be3 Nf5 12. cxb5 Nxe3 13. fxe3 Qh4+ 14. Kd2 Qb4+ 15. Kc1 Bf5 16. Qd2 Rc8+ 17. Kd1 Qa4+ 18. Ke1 Be7 19. bxa6 0-0 20. Be2 Bh4+ 21. g3 Qe4 22. Rf1 Bg5 23. Bf3 Qa4 24. h4 Bh6 25. Kf2 Bh3 26. Rfc1 Qxa6 27. g4 g6 28. Kg3 e4 29. Bxe4 Rce8 30. Rc4 f5 31. gxf5 Bxf5 32. Bxf5 Rxe3+ 33. Kh2 Rh3+ 34. Kxh3 Bxd2 35. Be6+ Kg7 36. Rc7+ Kh6 37. Nc4 Rf3+ 38. Kg2 Rf4 39. Nxd2 Qe2+ 40. Kg3 Qf2+ 41. Kh3 Rxh4# 0-1

[Event "Titled Tuesday intern op 01st Nov Late"]
[Site "Chess.com INT"]
[Date "2022.11.01"]
[Round "4"]
[White "Barash, Anton"]
[Black "Poltorak, Sebastian"]
[Result "0-1"]
[WhiteElo "2106"]
[BlackElo "2346"]
[PlyCount "90"]
[EventDate "2022.11.01"]
[EventType "swiss (blitz)"]
[EventRounds "11"]
[EventCountry "USA"]
[SourceTitle "EXT 2024"]
[Source "ChessBase"]
[SourceDate "2023.10.10"]
[SourceVersion "1"]
[SourceVersionDate "2023.10.10"]
[SourceQuality "1"]

1. e4 Nc6 2. d4 d5 3. exd5 Qxd5 4. Nf3 Bg4 5. Nc3 Qe6+ 6. Be2 Bxf3 7. gxf3 0-0-0 8. Be3 Nf6 9. Qd2 Nb4 10. a3 Nbd5 11. 0-0-0 g6 12. Rhg1 Bg7 13. Bc4 Qc6 14. Bb3 e6 15. h4 h5 16. Bg5 Nxc3 17. bxc3 Rd7 18. Kb2 Nd5 19. Qd3 Nb6 20. Ka2 Na4 21. Bd2 Nc5 22. Qc4 Nxb3 23. Qxc6 Nc1+ 24. Rxc1 bxc6 25. Rb1 c5 26. Be3 cxd4 27. cxd4 Bxd4 28. Rb3 Bxe3 29. fxe3 Rd2 30. Kb2 Rhd8 31. Rg5 R8d5 32. Rb4 Rxg5 33. hxg5 Rd5 34. Rf4 Rxg5 35. Rxf7 Rf5 36. Re7 e5 37. e4 Rxf3 38. Rxe5 Rg3 39. Ra5 h4 40. Rxa7 Kb8 41. Ra4 h3 42. e5 g5 43. e6 Re3 44. Rb4+ Kc8 45. Rg4 h2 0-1

[Event "Titled Tuesday intern op 01st Nov Late"]
[Site "Chess.com INT"]
[Date "2022.11.01"]
[Round "3"]
[White "Ozdemir, Serhan Berat"]
[Black "Barash, Anton"]
[Result "1-0"]
[WhiteElo "2193"]
[BlackElo "2106"]
[PlyCount "33"]
[EventDate "2022.11.01"]
[EventType "swiss (blitz)"]
[EventRounds "11"]
[EventCountry "USA"]
[SourceTitle "EXT 2024"]
[Source "ChessBase"]
[SourceDate "2023.10.10"]
[SourceVersion "1"]
[SourceVersionDate "2023.10.10"]
[SourceQuality "1"]

1. e4 e6 2. d4 d5 3. Nd2 Nc6 4. Ngf3 Nf6 5. e5 Nd7 6. Bb5 a6 7. Bxc6 bxc6 8. c4 c5 9. cxd5 exd5 10. 0-0 cxd4 11. Nxd4 c5 12. Nf5 Nxe5 13. Re1 Bxf5 14. Rxe5+ Be6 15. Qh5 Bd6 16. Rxe6+ Kd7 17. Qxf7+ 1-0

[Event "Titled Tuesday intern op 25th Oct Late"]
[Site "Chess.com INT"]
[Date "2022.10.25"]
[Round "6"]
[White "Barash, Anton"]
[Black "Boyer, Mahel"]
[Result "1/2-1/2"]
[WhiteElo "2106"]
[BlackElo "2445"]
[PlyCount "196"]
[EventDate "2022.10.25"]
[EventType "swiss (blitz)"]
[EventRounds "11"]
[EventCountry "USA"]
[SourceTitle "EXT 2024"]
[Source "ChessBase"]
[SourceDate "2023.10.10"]
[SourceVersion "1"]
[SourceVersionDate "2023.10.10"]
[SourceQuality "1"]

1. e4 e5 2. Nc3 Nc6 3. f4 exf4 4. Nf3 g5 5. h4 g4 6. Ng5 Nh6 7. d4 f6 8. Nh3 Be7 9. Bxf4 Nf7 10. Qxg4 d5 11. Qh5 dxe4 12. Bc4 Rf8 13. 0-0-0 Na5 14. Bxf7+ Rxf7 15. Nxe4 c6 16. Rhe1 Kf8 17. Re3 Qd5 18. Qh6+ Kg8 19. Nxf6+ Rxf6 20. Rg3+ Kf7 21. Qg7+ Ke8 22. Bg5 Rf7 23. Qg8+ Rf8 24. Qxd5 cxd5 25. Re1 Nc6 26. Bxe7 Bxh3 27. Bxf8+ Kxf8 28. gxh3 Nxd4 29. Rf1+ Ke7 30. Rg7+ Kd6 31. Rxb7 Rg8 32. Rxh7 Rg2 33. c3 Ne2+ 34. Kb1 Ng3 35. Rh6+ Kc5 36. Re1 Ne4 37. Rh8 Nd2+ 38. Ka1 Nc4 39. b3 Na3 40. Rc8+ Kd6 41. Rc1 Nc2+ 42. Kb2 Nb4+ 43. Ka3 Nxa2 44. Ra1 Kd7 45. Ra8 Nxc3 46. Rxa7+ Kc6 47. h5 Nb5+ 48. Kb4 Nxa7 49. Rxa7 Rh2 50. h6 Rxh3 51. h7 Kb6 52. Rg7 Rh4+ 53. Kc3 Kb5 54. Kd3 Kb4 55. Rb7+ Kc5 56. b4+ Kc6 57. Rg7 Kb5 58. Rb7+ Ka4 59. b5 Ka5 60. b6 Ka6 61. Rb8 Rxh7 62. Kd4 Rh5 63. Rd8 Kxb6 64. Rxd5 Rh4+ 65. Ke5 Kc6 66. Rd1 Rh8 67. Rc1+ Kd7 68. Rf1 Ke7 69. Kd4 Ra8 70. Re1+ Kd6 71. Kc3 Kc5 72. Rh1 Ra3+ 73. Kd2 Rg3 74. Rh4 Rf3 75. Rg4 Kd5 76. Rh4 Rg3 77. Rf4 Ke5 78. Ra4 Rb3 79. Rc4 Kf5 80. Ra4 Rb5 81. Ke3 Ke5 82. Rh4 Rb3+ 83. Kd2 Rg3 84. Ke2 Kf5 85. Ra4 Rb3 86. Kd2 Ke6 87. Kc2 Rb6 88. Kd3 Kd6 89. Kd4 Kc6 90. Ra5 Rb4+ 91. Kc3 Rh4 92. Rg5 Rh6 93. Kc4 Rd6 94. Ra5 Re6 95. Rg5 Kd7 96. Ra5 Kd6 97. Ra6+ Ke5 98. Rxe6+ Kxe6 1/2-1/2

[Event "Titled Tuesday intern op 25th Oct Late"]
[Site "Chess.com INT"]
[Date "2022.10.25"]
[Round "4"]
[White "Barbero Sendic, Alejandro"]
[Black "Barash, Anton"]
[Result "1-0"]
[WhiteElo "2343"]
[BlackElo "2106"]
[PlyCount "37"]
[EventDate "2022.10.25"]
[EventType "swiss (blitz)"]
[EventRounds "11"]
[EventCountry "USA"]
[SourceTitle "EXT 2024"]
[Source "ChessBase"]
[SourceDate "2023.10.10"]
[SourceVersion "1"]
[SourceVersionDate "2023.10.10"]
[SourceQuality "1"]

1. d4 Nf6 2. Nc3 g6 3. e4 d6 4. Nf3 Bg7 5. Be2 0-0 6. 0-0 c5 7. d5 a6 8. a4 e5 9. dxe6 Bxe6 10. Bg5 Qb6 11. Qd2 Qb4 12. Bxf6 Bxf6 13. Nd5 Bxd5 14. Qxd5 Rd8 15. Bc4 Bxb2 16. Qxf7+ Kh8 17. Ng5 Bg7 18. Qg8+ Rxg8 19. Nf7# 1-0

[Event "Titled Tuesday intern op 25th Oct Late"]
[Site "Chess.com INT"]
[Date "2022.10.25"]
[Round "5"]
[White "Lorenzo de la Riva, Lazaro"]
[Black "Barash, Anton"]
[Result "1-0"]
[WhiteElo "2420"]
[BlackElo "2106"]
[PlyCount "65"]
[EventDate "2022.10.25"]
[EventType "swiss (blitz)"]
[EventRounds "11"]
[EventCountry "USA"]
[SourceTitle "EXT 2024"]
[Source "ChessBase"]
[SourceDate "2023.10.10"]
[SourceVersion "1"]
[SourceVersionDate "2023.10.10"]
[SourceQuality "1"]

1. d4 Nf6 2. c4 g6 3. Nf3 Bg7 4. Nc3 0-0 5. e4 d6 6. Be2 Nbd7 7. 0-0 e5 8. Re1 Qe7 9. Bf1 Re8 10. Rb1 Kh8 11. d5 Ng8 12. b4 f5 13. Nd2 Ndf6 14. f3 f4 15. c5 dxc5 16. Ba3 cxb4 17. Bxb4 Qf7 18. Qc2 a6 19. Na4 g5 20. h3 Nh5 21. Rbc1 Ng3 22. Qxc7 Qh5 23. Nb6 g4 24. fxg4 Bxg4 25. Nxa8 Rxa8 26. Rc3 Nf6 27. d6 Rc8 28. Qxc8+ Bxc8 29. Rxc8+ Ng8 30. Bc4 h6 31. Bxg8 Qh4 32. Nf3 Qf6 33. Bd5+ 1-0

[Event "Titled Tuesday intern op 11th Oct Late"]
[Site "Chess.com INT"]
[Date "2022.10.11"]
[Round "8"]
[White "Barash, Anton"]
[Black "D'Arruda, Ricardo D"]
[Result "0-1"]
[WhiteElo "2106"]
[BlackElo "2271"]
[PlyCount "76"]
[EventDate "2022.10.11"]
[EventType "swiss (blitz)"]
[EventRounds "11"]
[EventCountry "USA"]
[SourceTitle "EXT 2024"]
[Source "ChessBase"]
[SourceDate "2023.10.10"]
[SourceVersion "1"]
[SourceVersionDate "2023.10.10"]
[SourceQuality "1"]

1. e4 c5 2. Nf3 Nc6 3. d4 cxd4 4. Nxd4 e5 5. Nb5 a6 6. Nd6+ Bxd6 7. Qxd6 Qe7 8. Qd1 Nf6 9. Nc3 d6 10. Bg5 Be6 11. Bd3 0-0 12. 0-0 h6 13. Bh4 Rac8 14. Ne2 g5 15. Bg3 Nh5 16. c3 Rfd8 17. Nd4 Nxg3 18. Nxc6 bxc6 19. hxg3 a5 20. Qh5 Kg7 21. f4 exf4 22. gxf4 gxf4 23. Rxf4 Qg5 24. Rh4 d5 25. e5 c5 26. Qxg5+ hxg5 27. Rh7+ Kg8 28. Rh5 g4 29. Bf5 Re8 30. Rf1 Rc6 31. Rg5+ Kf8 32. Bg6 Re7 33. Bh5 d4 34. cxd4 cxd4 35. Rf6 Rc1+ 36. Kh2 Bxa2 37. Bxg4 Re1 38. Ra6 R1xe5 0-1